000 00328nam a2200145Ia 4500
008 230711s9999||||xx |||||||||||||| ||und||
041 _aENG
082 _a621
_bCS-Y
100 _aCSR
245 0 _aCSR year book 1995
250 _a1st
260 _c1992
_aNew Delhi
_bPardeep's Publication
650 _aLiterature
942 _cBK
999 _c2909
_d2909